banner-ar

PSYCHOLOGY / (Record no. 12974)

MARC details
000 -الفاتح
حقل البيانات ثابتة الطول 00355nam a2200145Ia 4500
008 - عناصر البيانات ثابتة الطول - معلومات عامة
حقل البيانات ثابتة الطول 140319s9999 xx 000 0 eng d
040 ## - مصدر الفهرسة
وكالة الفهرسة الأصلية GCL /
وكالة النسخ GCL
082 04 - رقم تصنيف ديوى العشرى
رقم التصنيف 150
رقم المادة D P
100 1# - المدخل الرئيسى - إسم شخصى
الإسم الشخصى DARLEY, JOHN M.
245 10 - بيان العنوان
العنوان PSYCHOLOGY /
بيان المسئوليه,etc DARLEY, JOHN M.
700 1# - المدخل الاضافى - اسم شخصى
الإسم الشخصى GLUCKSBERG, SAM
300 ## - الوصف المادى
التعداد 676 P
260 ## - PUBLICATION, DISTRIBUTION, ETC. (IMPRINT)
-- [S.N] :
-- PRENTICE HALL, INC
Holdings
حالة التراجع حالة الفقد حالة تلف ليس للاعارة المكان المؤقت الموقع الحالى تاريخ الاكتساب اجمالي اﻻعارات رقم الطلب الباركود تاريخ اخر مشاهدة تاريخ تفعيل السعر نوع وعاء كوها
        مكتبة القاهرة الكبرى مكتبة القاهرة الكبرى 03/26/2014   150\D P 25044 03/26/2014 03/26/2014 كتاب

Powered By

EGPV